| 000 | 01292nam a2200277Ia 4500 | ||
|---|---|---|---|
| 008 | 130821s1914 fr gr spa | ||
| 040 |
_aCo-BoUCM _bspa |
||
| 041 | 0 | _aspa | |
| 092 | _aE21N031 | ||
| 100 | 1 | _aGutiérrez, Alberto. | |
| 245 | 1 | 0 |
_aLas capitales de la Gran Colombia _cAlberto Gutiérrez |
| 260 |
_aParís (Francia) _bLibrería de la Viuda de Ch. Bouret _c1914 |
||
| 300 | _a336 páginas | ||
| 500 | _aDetalles físicos: Encuadernación rígida en cartón forrado en papel con lomo en cuero, letras y adornos en dorado sobre el lomo. Conserva guardas, anteportada, portada impresa a una sola tinta con un anagrama del editor. Texto impreso en una sola columna con márgenes amplios, papel con amarillamiento. Págs. 179-190 empiezan a desprenderse. | ||
| 505 | 0 | _aEl sueño de Bolívar. ; Quito. ; Caracas. ; Bogotá. | |
| 506 | _aConsulta en sala. | ||
| 600 | 1 |
_aBolívar, Simón _d1783-1830 |
|
| 650 | 0 | 4 |
_aCiudades capitales _xHistoria _910957 |
| 650 | 0 | 4 |
_aGeografía _916335 |
| 651 | 4 |
_aBogotá (Colombia) _xDescripciones y viajes |
|
| 651 | 4 |
_aCaracas (Venezuela) _xDescripciones y viajes |
|
| 651 | 4 |
_aQuito (Ecuador) _xDescripciones y viajes |
|
| 700 | 1 |
_aBouret, Ch. _cViuda _eed. |
|
| 942 |
_cLIBRO _a2 _e1 _2DEWEY _h918 |
||
| 999 |
_c37756 _d37756 |
||